Mistrzowie WBW (Wielkiej Bitwy Warszawskiej) - Statystyki

Ogólne statystyki
  • Ten quiz został rozwiązany 490 razy
  • Średni wynik to 9 z 16
Statystyki odpowiedzi
rok wygranej Odpowiedź % Poprawnych
2016 Bober
87%
2017 Bober
87%
2014 Edzio
87%
2015 Edzio
87%
2018 Ryba
76%
2004 Duże Pe
61%
2012 Czeski
59%
2006 Muflon
58%
2008 Muflon
58%
2009 Flint
47%
2013 Szyderca
46%
2007 Eskobar
37%
2011 Kopek
25%
2003 Rufin MC
25%
2005 Pogo
24%
2010 Sosen
21%
Nie znaleziono quizów pasujących do podanych kryteriów
Rozkład punktacji
Procent ludzi z każdym wynikiem
Percentyl według liczby udzielonych odpowiedzi
Twoja historia wyników
Nie rozwiązałeś tego quizu